[Event "KP MKSS 21/22, Koprivnice-Orlova"]
[Site ""]
[Date "2022.03.27"]
[Round "11.1"]
[White "Kana, Pavel"]
[Black "Zabystrzan, Pavel"]
[Result "1/2-1/2"]
[WhiteElo "2013"]
[BlackElo "2161"]
[PlyCount "0"]
[WhiteTeam "SK ASK Tatra Koprivnice A"]
[BlackTeam "SK Slavia Orlova C"]
[EventDate "2021.10.10"]

1. e4 c6 2. d4 d5 3. e5 Bf5 4. Nf3 e6 5. Be2 Nd7 6. O-O Ne7 7. c4 dxc4 8. Bxc4
Nb6 9. Be2 Ned5 10. Nc3 Be7 11. Be3 1/2-1/2

[Event "KP MKSS 21/22, Koprivnice-Orlova"]
[Site ""]
[Date "2022.03.27"]
[Round "11.2"]
[White "Horvath, Tomas"]
[Black "Omamik, Pavel"]
[Result "1-0"]
[WhiteElo "2087"]
[BlackElo "2039"]
[PlyCount "0"]
[WhiteTeam "SK Slavia Orlova C"]
[BlackTeam "SK ASK Tatra Koprivnice A"]
[EventDate "2021.10.10"]

1. e4 g6 2. d4 Bg7 3. Nc3 c6 4. Bc4 b5 5. Bb3 d6 6. f4 b4 7. Nce2 h5 8. a3 bxa3
9. Rxa3 Bg4 10. h3 Bxe2 11. Nxe2 e6 12. O-O Ne7 13. Qd3 d5 14. Bd2 Nd7 15. Rfa1
Qb8 16. c4 dxe4 17. Qxe4 O-O 18. Bc3 Rc8 19. Bc2 Nf5 20. g4 hxg4 21. hxg4 Nf6
22. Qf3 Nxg4 23. Be4 Nge3 24. Ra4 Qb3 25. Rb4 Qxb4 26. Bxb4 Rab8 27. Bc3 Nxc4
28. Rxa7 Nxb2 29. Bxc6 Nd1 30. Ba1 Nfe3 31. d5 Rb1 32. dxe6 Bxa1 33. Be4 Rbc1
34. Nxc1 Rxc1 35. exf7+ Kg7 36. Bxg6 Bd4 37. f8=Q+ 1-0

[Event "KP MKSS 21/22, Koprivnice-Orlova"]
[Site ""]
[Date "2022.03.27"]
[Round "11.3"]
[White "Vrubl, Jaroslav"]
[Black "Sramek, Tomas"]
[Result "1/2-1/2"]
[WhiteElo "2096"]
[BlackElo "1941"]
[PlyCount "0"]
[WhiteTeam "SK ASK Tatra Koprivnice A"]
[BlackTeam "SK Slavia Orlova C"]
[EventDate "2021.10.10"]

1. e4 e5 2. Nf3 Nc6 3. Bc4 Nf6 4. d4 exd4 5. e5 Ng4 6. Bxf7+ Kxf7 7. Ng5+ Kg8
8. Qxg4 h6 9. Nf3 d6 10. Qe4 dxe5 11. Nxe5 Nxe5 12. Qxe5 Qd6 13. Bf4 Qxe5+ 14.
Bxe5 1/2-1/2

[Event "KP MKSS 21/22, Koprivnice-Orlova"]
[Site ""]
[Date "2022.03.27"]
[Round "11.4"]
[White "Kopta, Jiri"]
[Black "Stefanik, Marek"]
[Result "0-1"]
[WhiteElo "1910"]
[BlackElo "2012"]
[PlyCount "0"]
[WhiteTeam "SK Slavia Orlova C"]
[BlackTeam "SK ASK Tatra Koprivnice A"]
[EventDate "2021.10.10"]

1. e4 e5 2. Nc3 Bc5 3.
Bc4 Nf6 4. d3 Nc6 5. f4 d6 6. Nf3 Bg4 7. h3 Bxf3 8. Qxf3 Nd4 9. Qg3 Nxc2+ 10.
Kd1 Nh5 11. Qg4 Nxa1 12. Qxh5 Qd7 13. fxe5 O-O 14. exd6 Bxd6 15. Rf1 Rae8 16.
Bd2 c6 17. a4 Re5 18. Qf3 b5 19. d4 bxc4 20. dxe5 Bxe5 21. Ke2 Nc2 22. Be3 Qd3+
23. Kf2 Nxe3 0-1

[Event "KP MKSS 21/22, Koprivnice-Orlova"]
[Site ""]
[Date "2022.03.27"]
[Round "11.5"]
[White "Vermirovsky, Vlastimil"]
[Black "Pekarek, Ales"]
[Result "1-0"]
[WhiteElo "2016"]
[BlackElo "1905"]
[PlyCount "0"]
[WhiteTeam "SK ASK Tatra Koprivnice A"]
[BlackTeam "SK Slavia Orlova C"]
[EventDate "2021.10.10"]

1. e4 e6 2. d4 d5 3. Nc3 dxe4 4. Nxe4 Nd7 5. Nf3 Ngf6 6. Nxf6+ Nxf6 7. Bg5 Be7
8. Bd3 O-O 9. Qe2 h6 10. h4 Nd5 11. Bd2 Bf6 12. O-O-O Qd6 13. Qe4 Re8 14. g4
Bd7 15. g5 e5 16. gxf6 Nxf6 17. dxe5 Nxe4 18. exd6 Nxf2 19. Rhg1 Nxd1 20. Kxd1
h5 21. dxc7 Bg4 22. Rg3 Re7 23. Bf4 Rae8 24. Kd2 a6 25. a4 f6 26. b4 Rd7 27.
Kc3 Rc8 28. b5 axb5 29. axb5 Rdxc7+ 30. Bxc7 Rxc7+ 31. Kb4 b6 32. Nh2 Bd7 33.
Nf1 Rc5 34. Ne3 Re5 35. Nd5 1-0

[Event "KP MKSS 21/22, Koprivnice-Orlova"]
[Site ""]
[Date "2022.03.27"]
[Round "11.6"]
[White "Fialka, Adam"]
[Black "Slavinsky, Rostislav"]
[Result "1/2-1/2"]
[WhiteElo "1840"]
[BlackElo "1913"]
[PlyCount "0"]
[WhiteTeam "SK Slavia Orlova C"]
[BlackTeam "SK ASK Tatra Koprivnice A"]
[EventDate "2021.10.10"]

1. e4 d6 2. d4 Nf6 3. f3 Nbd7 4. Bc4 g6 5. Ne2 Bg7 6. O-O O-O 7. Be3 d5 8. Bd3
e5 9. Nbc3 exd4 10. Bxd4 c5 11. Bxf6 Nxf6 12. exd5 Nxd5 13. Nxd5 Qxd5 14. Nc3
Qh5 15. Kh1 Be6 16. Qe2 Rad8 17. Ne4 Bxb2 18. c3 Qe5 1/2-1/2

[Event "KP MKSS 21/22, Koprivnice-Orlova"]
[Site ""]
[Date "2022.03.27"]
[Round "11.7"]
[White "Socha, Jaromir"]
[Black "Sebesta, Jan"]
[Result "1/2-1/2"]
[WhiteElo "1899"]
[BlackElo "1890"]
[PlyCount "0"]
[WhiteTeam "SK ASK Tatra Koprivnice A"]
[BlackTeam "SK Slavia Orlova C"]
[EventDate "2021.10.10"]

1. Nf3 Nf6 2. g3 g6 3. Bg2 Bg7 4. O-O O-O 5. d4 d5 6. b3 c5 7. c3 Nc6 8. Bb2
Ne4 9. dxc5 Nxc5 10. Nd4 e6 11. Nxc6 bxc6 12. Qc2 Qb6 13. Nd2 Ba6 14. Rfe1 Rfd8
15. Bf1 Rab8 16. Rac1 e5 17. e3 e4 18. c4 Bxb2 19. Qxb2 Nd7 20. Qc3 Rbc8 21.
Red1 Re8 22. Qd4 Qxd4 23. exd4 dxc4 24. Bxc4 Bb7 25. Re1 Nf6 26. Rcd1 Rcd8 27.
Nb1 Bc8 28. Nc3 Bg4 29. Be2 Bxe2 30. Rxe2 Kg7 31. Kg2 Nd5 32. Nxd5 Rxd5 33. Rc2
Re6 34. Kf1 Red6 1/2-1/2

[Event "KP MKSS 21/22, Koprivnice-Orlova"]
[Site ""]
[Date "2022.03.27"]
[Round "11.8"]
[White "Mrazek, Roman"]
[Black "Borovicka, Bohumil"]
[Result "1/2-1/2"]
[WhiteElo "1789"]
[BlackElo "1885"]
[PlyCount "0"]
[WhiteTeam "SK Slavia Orlova C"]
[BlackTeam "SK ASK Tatra Koprivnice A"]
[EventDate "2021.10.10"]

1. e4 d5 2. exd5 Qxd5 3. Nc3 Qd6 4. d4 Nf6 5. Nge2 c6 6. Bf4 Qd8 7. Ng3 Be6 8.
Be2 g6 9. O-O Nbd7 10. Qd2 Bg7 11. Rad1 O-O 12. Rfe1 Re8 13. Bf3 Bg4 14. Bxg4
Nxg4 15. h3 Ngf6 16. d5 Qa5 17. dxc6 bxc6 18. b3 Nc5 19. Qe3 Ne6 20. Be5 Nd5
21. Nxd5 cxd5 22. Qd2 Qxd2 23. Rxd2 Bxe5 24. Rxe5 Nc7 25. c4 e6 26. cxd5 Nxd5
27. Ne4 Rec8 28. Nd6 Rc1+ 29. Kh2 a5 30. Re4 Ra6 31. Nb5 Rb6 32. Na3 Rb4 33.
Rc4 1/2-1/2

[Event "KP MKSS 21/22, Brusperk-DB"]
[Site "?"]
[Date "2022.03.27"]
[Round "11.1"]
[White "Lys, Josef"]
[Black "Byma, Pavel"]
[Result "0-1"]
[WhiteElo "2123"]
[BlackElo "2070"]
[PlyCount "68"]
[EventDate "2021.10.10"]
[WhiteTeam "Sokol Brusperk"]
[BlackTeam "TJ Dolni Benesov B"]

1. d4 d5 2. c4 c6 3. e3 Nf6 4. Nc3 e6 5. Nf3 Nbd7 6. Qc2 Bd6 7. b3 O-O 8. Be2
b6 9. cxd5 exd5 10. O-O Bb7 11. a4 Rc8 12. Ba3 Bxa3 13. Rxa3 Qe7 14. Ra2 c5 15.
dxc5 bxc5 16. Qf5 Rfd8 17. h3 a6 18. Bd3 g6 19. Qf4 d4 20. exd4 cxd4 21. Ne2
Bxf3 22. gxf3 Nc5 23. Bc4 Nh5 24. Qh6 Qf6 25. Ng3 Qxf3 26. Nxh5 gxh5 27. Be2
Qxh3 28. Qg5+ Kf8 29. Bxh5 Ne6 30. Qg4 Qxg4+ 31. Bxg4 Rc3 32. Rb1 Ke7 33. b4
Rg8 34. f3 h5 0-1

[Event "KP MKSS 21/22, Brusperk-DB"]
[Site "?"]
[Date "2022.03.27"]
[Round "11.2"]
[White "Krupa, Radim"]
[Black "Keprt, Pavel"]
[Result "1-0"]
[WhiteElo "2016"]
[BlackElo "1900"]
[PlyCount "129"]
[EventDate "2021.10.10"]
[WhiteTeam "TJ Dolni Benesov B"]
[BlackTeam "Sokol Brusperk"]

1. e4 e6 2. Qe2 c5 3. f4 d5 4. Nc3 d4 5. Nb1 Nc6 6. Nf3 Nf6 7. d3 Qc7 8. g3 b6
9. a4 Be7 10. Na3 Bb7 11. Bh3 h5 12. O-O Nd7 13. Bd2 a6 14. c3 dxc3 15. bxc3 h4
16. g4 Na5 17. Rfb1 c4 18. d4 Nb3 19. Ra2 Nxd2 20. Nxd2 Bxa3 21. Rxa3 Qxf4 22.
Rf1 Qg5 23. Nxc4 O-O 24. Nd2 Rac8 25. Bg2 Qe7 26. Rb3 Bc6 27. Ra1 Rc7 28. h3
Rfc8 29. Qe3 b5 30. a5 Ba8 31. Nf3 f6 32. Nxh4 f5 33. Ng6 Qf6 34. exf5 Bxg2 35.
Kxg2 Re8 36. Re1 Rcc8 37. Qf3 e5 38. Qd5+ Qf7 39. Qxf7+ Kxf7 40. Nxe5+ Nxe5 41.
Rxe5 Rc4 42. Rxe8 Kxe8 43. Kf3 Ra4 44. Ke4 Rxa5 45. Kd5 Kd7 46. Kc5 Ra1 47. Kd5
Ra4 48. Rb4 Ra3 49. c4 bxc4 50. Kxc4 Kc6 51. d5+ Kd6 52. Rb6+ Kc7 53. Rg6 Rxh3
54. Rxg7+ Kb6 55. Rg6+ Kb7 56. f6 Rh1 57. g5 Rf1 58. Kc5 a5 59. Kb5 Rf5 60.
Rg7+ Kc8 61. Kc6 Kb8 62. d6 Rf1 63. Rg8+ Ka7 64. d7 Rc1+ 65. Kb5 1-0

[Event "KP MKSS 21/22, Brusperk-DB"]
[Site "?"]
[Date "2022.03.27"]
[Round "11.3"]
[White "Lipovsky, Tomas"]
[Black "Weczerek, Marek"]
[Result "0-1"]
[WhiteElo "1909"]
[BlackElo "1944"]
[Annotator "zarub"]
[PlyCount "94"]
[EventDate "2021.10.10"]
[WhiteTeam "Sokol Brusperk"]
[BlackTeam "TJ Dolni Benesov B"]

1. e4 c5 2. d4 cxd4 3. c3 dxc3 4. Nxc3 Nc6 5. Nf3 e6 6. Bc4 Be7 7. O-O a6 8. a3
Qc7 9. Qe2 Nf6 10. h3 d6 11. Bf4 O-O 12. Rac1 Bd7 13. Rfd1 Ne5 14. Ba2 Bc6 15.
b4 Nxf3+ 16. Qxf3 Qb8 17. Qe2 Rd8 18. Bg3 Qa7 19. Kh2 b5 20. Rd3 Qb7 21. Re3 a5
22. Rd1 axb4 23. axb4 h6 24. f4 d5 25. exd5 Nxd5 26. Bxd5 Bxd5 27. Nxd5 Rxd5
28. Rb1 Rd4 29. f5 Bg5 30. Rc3 Rd2 31. Qf3 Qxf3 32. Rxf3 Raa2 33. fxe6 Rxg2+
34. Kh1 fxe6 35. Re1 Rge2 36. Ref1 Bf6 37. h4 Bxh4 38.
Rf8+ Kh7 39. R8f3 Rg2 40. Be5 Bf6 41. Bg3 Bd4 42. Re1 e5 43. Bxe5 Bxe5 44. Rxe5
Rgb2 45. Rg3 Ra1+ 46. Rg1 Rxg1+ 47. Kxg1 Rxb4 0-1

[Event "KP MKSS 21/22, Brusperk-DB"]
[Site "?"]
[Date "2022.03.27"]
[Round "11.4"]
[White "Kocur, Valter"]
[Black "Hora, Ales"]
[Result "1-0"]
[WhiteElo "1881"]
[BlackElo "1987"]
[PlyCount "75"]
[EventDate "2021.10.10"]
[WhiteTeam "TJ Dolni Benesov B"]
[BlackTeam "Sokol Brusperk"]

1. c4 e6 2. Nc3 d5 3. d4 Nf6 4. Nf3 Be7 5. e3 O-O 6. Be2 c5 7. dxc5 Bxc5 8. O-O
dxc4 9. Bxc4 Nc6 10. a3 e5 11. b4 Bd6 12. e4 Bg4 13. Be2 Bxf3 14. Bxf3 Nd4 15.
Be3 Ne6 16. Nd5 Nxd5 17. Qxd5 Qe7 18. Bg4 Nf4 19. Qa2 Qg5 20. Bf3 Qg6 21. g3
Nh3+ 22. Kh1 Ng5 23. Bg2 Nxe4 24. Qd5 Nc3 25. Qxb7 a5 26. bxa5 Rxa5 27. Qb3 Ne4
28. Qc4 Nf6 29. a4 e4 30. Rad1 Be5 31. Bb6 Raa8 32. a5 Rfe8 33. Rfe1 Ng4 34.
Qxe4 Qh5 35. h3 Nf6 36. Qe2 Qxe2 37. Rxe2 Rab8 38. f4 1-0

[Event "KP MKSS 21/22, Brusperk-DB"]
[Site "?"]
[Date "2022.03.27"]
[Round "11.5"]
[White "Grepl, Lukas"]
[Black "Melecky, Jaroslav"]
[Result "1-0"]
[WhiteElo "1894"]
[BlackElo "1894"]
[PlyCount "57"]
[EventDate "2021.10.10"]
[WhiteTeam "Sokol Brusperk"]
[BlackTeam "TJ Dolni Benesov B"]

1. e4 d5 2. exd5 Nf6 3. d4 Nxd5 4. c4 Nb6 5. Nf3 g6 6. Be2 Bg7 7. O-O O-O 8.
Nc3 Nc6 9. Be3 Re8 10. Rc1 Bg4 11. b3 a6 12. d5 Ne5 13. Nxe5 Bxe2 14. Qxe2 Bxe5
15. Bxb6 Bxc3 16. Bxc7 Qxc7 17. Rxc3 e6 18. Re3 Qd7 19. Re1 Kf8 20. dxe6 fxe6
21. Rxe6 Rxe6 22. Qxe6 Qxe6 23. Rxe6 Rd8 24. Kf1 Rd2 25. Ke1 Rxa2 26. Rb6 h5
27. Rxg6 b5 28. cxb5 axb5 29. Rb6 1-0

[Event "KP MKSS 21/22, Brusperk-DB"]
[Site "?"]
[Date "2022.03.27"]
[Round "11.6"]
[White "Belka, Lubomir"]
[Black "Vlasek, Roman"]
[Result "0-1"]
[WhiteElo "1910"]
[BlackElo "1835"]
[PlyCount "96"]
[EventDate "2021.10.10"]
[WhiteTeam "TJ Dolni Benesov B"]
[BlackTeam "Sokol Brusperk"]

1. e4 c6 2. Nc3 d5 3. exd5 cxd5 4. d4 Nf6 5. Nf3 Nc6 6. Bf4 Bg4 7. Be2 e6 8.
O-O Bd6 9. Be3 O-O 10. h3 Bxf3 11. Bxf3 Rc8 12. Ne2 Qc7 13. c3 h6 14. Qd2 Na5
15. b3 b5 16. Rac1 Rfd8 17. Nf4 Ba3 18. Rc2 Bd6 19. Nh5 Nxh5 20. Bxh5 Nc6 21.
Rfc1 Ba3 22. Re1 Nb4 23. Rcc1 Bxc1 24. Rxc1 Nc6 25. Qe2 a6 26. Re1 Qe7 27. Qg4
Qf6 28. Qg3 Ne7 29. Bd2 Nf5 30. Qd3 Nd6 31. Re3 Qf5 32. Qe2 Ne4 33. Be1 Rc7 34.
Bg4 Qg6 35. h4 Nf6 36. Bh3 Rc6 37. Rg3 Qe4 38. Qd2 Qxh4 39. f3 Qh5 40. Qf4 Kh7
41. Bd2 Rdc8 42. Qe3 g5 43. Qe5 Qg6 44. Kh2 Nd7 45. Qe3 f5 46. Qe2 Qf6 47. Qd3
Kh8 48. Qe3 f4 0-1

[Event "KP MKSS 21/22, Brusperk-DB"]
[Site "?"]
[Date "2022.03.27"]
[Round "11.7"]
[White "Blecha, Josef"]
[Black "Kriebel, Rudolf"]
[Result "1/2-1/2"]
[WhiteElo "1866"]
[BlackElo "1735"]
[PlyCount "33"]
[EventDate "2021.10.10"]
[WhiteTeam "Sokol Brusperk"]
[BlackTeam "TJ Dolni Benesov B"]

1. e4 c6 2. d4 d5 3. Nc3 dxe4 4. Nxe4 Bf5 5. Ng3 Bg6 6. Nf3 Nd7 7. Bd3 Bxd3 8.
Qxd3 e6 9. O-O Bd6 10. c4 Ngf6 11. Re1 O-O 12. h3 Qc7 13. Ne4 Bf4 14. g3 Bxc1
15. Raxc1 Qd8 16. Nxf6+ Nxf6 17. Red1 1/2-1/2

[Event "KP MKSS 21/22, Brusperk-DB"]
[Site "?"]
[Date "2022.03.27"]
[Round "11.8"]
[White "Vavrinek, Tomas"]
[Black "Bok, Tomas"]
[Result "0-1"]
[WhiteElo "1669"]
[BlackElo "1679"]
[PlyCount "132"]
[EventDate "2021.10.10"]
[WhiteTeam "TJ Dolni Benesov B"]
[BlackTeam "Sokol Brusperk"]

1. d4 d5 2. Nf3 Nf6 3. Bg5 c6 4. e3 Ne4 5. Bf4 Bf5 6. Nbd2 e6 7. Be2 Be7 8. O-O
O-O 9. Nxe4 Bxe4 10. Bd3 Bg6 11. Ne5 Nd7 12. Nxg6 hxg6 13. h3 Bg5 14. Bh2 Be7
15. c4 dxc4 16. Bxc4 Nf6 17. Qb3 Qd7 18. Qd3 Bd6 19. Bxd6 Qxd6 20. a3 a5 21.
Rfd1 Rfd8 22. Qc2 Qc7 23. Be2 Rd7 24. Rac1 Rad8 25. Bf3 Qb6 26. Qc5 Qa6 27. Rc2
Nd5 28. Rdc1 Nc7 29. Be2 Qa8 30. Bc4 Ne8 31. b4 axb4 32. axb4 Nf6 33. Ra2 Qb8
34. Bd3 Rd5 35. Qa7 Qxa7 36. Rxa7 Rb8 37. Bc4 Rd7 38. b5 Rc7 39. Bd3 Nd5 40. e4
cxb5 41. Rc5 Rxc5 42. dxc5 Nc3 43. Ra3 b4 44. Rb3 Rd8 45. Bf1 Rd4 46. f3 e5 47.
Kf2 Kf8 48. g3 Ke7 49. Ke3 Kd7 50. Bd3 Kc6 51. f4 f6 52. g4 Kxc5 53. f5 g5 54.
Bc2 Kc4 55. Rb2 Nd1+ 56. Bxd1 Rxd1 57. Rc2+ Kb5 58. Rc7 b6 59. Ke2 Rd4 60. Ke3
b3 61. Rc3 Kb4 62. Rc6 b5 63. Rc1 b2 64. Rh1 Kb3 65. Re1 Ka2 66. Re2 Ka1 0-1

[Event "KP MKSS 21/22, Opava-Senov"]
[Site ""]
[Date "2022.03.27"]
[Round "11.1"]
[White "Muzik, Martin"]
[Black "Kolar, Stanislav"]
[Result "1-0"]
[WhiteElo "2075"]
[BlackElo "2019"]
[PlyCount "0"]
[WhiteTeam "Slezan Opava A"]
[BlackTeam "SK Senov A"]
[EventDate "2021.10.10"]

1. e4 d5 2. exd5 Qxd5 3. Nc3 Qd6 4. d4 Nf6 5. Bc4 g6 6. Nge2 e5 7. dxe5 Qxe5 8.
Bf4 Qc5 9. Qd4 Qxd4 10. Nxd4 c6 11. O-O-O Be7 12. Rhe1 h5 13. Bd6 Ng8 14. Ne4
Kf8 15. Bxe7+ Nxe7 16. Nd6 Rh7 17. Nxc8 Nxc8 18. Nf5 Nd7 19. Rxd7 Nb6 20. Rxb7
gxf5 21. Bd3 Rg7 22. g3 f4 23. Re5 h4 24. gxh4 Nd5 25. c4 f6 26. Rxg7 fxe5 27.
Rh7 Nb4 28. Be4 Kg8 29. a3 Na6 30. b4 Rd8 31. Rxa7 Nb8 32. c5 Kf8 33. Bf5 Re8
34. f3 Rd8 35. h5 1-0

[Event "KP MKSS 21/22, Opava-Senov"]
[Site ""]
[Date "2022.03.27"]
[Round "11.2"]
[White "Podlesny, Pavel"]
[Black "Zalesky, Karel"]
[Result "1-0"]
[WhiteElo "2029"]
[BlackElo "2049"]
[PlyCount "0"]
[WhiteTeam "SK Senov A"]
[BlackTeam "Slezan Opava A"]
[EventDate "2021.10.10"]

1. d4 Nf6 2. c4 e6 3. Nc3 d5 4. Bf4 Bb4 5. e3 Ne4 6. Qc2 g5 7. Be5 f6 8. Bg3
Nd7 9. Be2 O-O 10. f3 Nxg3 11. hxg3 Rf7 12. Bd3 Nf8 13. Nge2 c6 14. a3 Bxc3+
15. Nxc3 e5 16. dxe5 fxe5 17. O-O-O Be6 18. Rh5 Qe7 19. f4 gxf4 20. exf4 dxc4
21. Bf5 Bxf5 22. Rxf5 exf4 23. gxf4 Re8 24. Re5 Ne6 25. Rde1 Qd7 26. Qe2 Rfe7
27. f5 Nf4 28. Qg4+ Ng6 29. Rxe7 Rxe7 30. Rxe7 Qxe7 31. Qxc4+ Kg7 32. fxg6 Qe3+
33. Kc2 hxg6 34. Qe2 Qc5 35. Kb1 a5 36. Ne4 Qd5 37. Qf3 Qd4 38. Qc3 1-0

[Event "KP MKSS 21/22, Opava-Senov"]
[Site ""]
[Date "2022.03.27"]
[Round "11.3"]
[White "Vicha, Martin"]
[Black "Kozelsky, Marek"]
[Result "1/2-1/2"]
[WhiteElo "1992"]
[BlackElo "1960"]
[PlyCount "0"]
[WhiteTeam "Slezan Opava A"]
[BlackTeam "SK Senov A"]
[EventDate "2021.10.10"]

1. c4 Nf6 2. g3 e6 3. Bg2 d5 4. Nf3 c6 5. cxd5 cxd5 6. Nc3 Nc6 7. d3 Bd6 8. Bg5
h6 9. Bd2 a6 10. Rc1 O-O 11. O-O Re8 12. Kh1 Bd7 13. a3 b5 14. Na2 Rc8 15. Be3
Qe7 16. Bd2 Rc7 17. Nb4 Nxb4 18. Rxc7 Bxc7 19. Bxb4 Bd6 20. Bxd6 Qxd6 21. Qd2
Rc8 22. Rc1 Rxc1+ 23. Qxc1 a5 24. Nd2 b4 25. Kg1 Qb6 26. axb4 axb4 27. Nb3 Ba4
28. Qc5 Qxc5 29. Nxc5 Bb5 30. Kf1 Kf8 1/2-1/2

[Event "KP MKSS 21/22, Opava-Senov"]
[Site ""]
[Date "2022.03.27"]
[Round "11.4"]
[White "Pohludka, Ondrej"]
[Black "Rambousek, Jan"]
[Result "0-1"]
[WhiteElo "1948"]
[BlackElo "1943"]
[PlyCount "0"]
[WhiteTeam "SK Senov A"]
[BlackTeam "Slezan Opava A"]
[EventDate "2021.10.10"]

1. c4 Nf6 2. Nc3 g6 3. d4 Bg7 4. e4 d6 5. Nf3 O-O 6. Be2 e5 7. d5 a5 8. Bg5 h6
9. Bd2 Na6 10. h3 Nc5 11. Qc2 Nh5 12. Qc1 Kh7 13. g4 Nf4 14. Bxf4 exf4 15. Qxf4
Qe7 16. Nd2 f5 17. gxf5 gxf5 18. O-O-O fxe4 19. Qe3 Bf5 20. f3 Rae8 21. fxe4 a4
22. Bh5 Ra8 23. Rhg1 a3 24. b4 Na4 25. Nxa4 Rxa4 26. Rde1 Qe5 27. Qb3 Qb2+ 28.
Qxb2 axb2+ 29. Kc2 Bxh3 30. Rg3 Rxa2 31. Nb1 Bd7 32. Reg1 Ba4+ 33. Kd3 Be5 34.
Bg6+ Kg7 35. Rh3 Bf4 36. Bf5+ Bg5 37. b5 0-1

[Event "KP MKSS 21/22, Opava-Senov"]
[Site ""]
[Date "2022.03.27"]
[Round "11.5"]
[White "Rell, Martin"]
[Black "Cujdik, Jiri"]
[Result "1-0"]
[WhiteElo "1759"]
[BlackElo "1900"]
[PlyCount "0"]
[WhiteTeam "Slezan Opava A"]
[BlackTeam "SK Senov A"]
[EventDate "2021.10.10"]

1. Nf3 c5 2. c4 Nf6 3. g3 Nc6 4. Bg2 g6 5. Nc3 Bg7 6. d4 cxd4 7. Nxd4 O-O 8.
O-O Nxd4 9. Qxd4 d6 10. Rd1 Ng4 11. Qd2 Qb6 12. e3 Ne5 13. b3 Bg4 14. Bb2 Nf3+
15. Bxf3 Bxf3 16. Nd5 Qd8 17. Bxg7 Kxg7 18. Re1 Qd7 19. e4 e6 20. Qc3+ f6 21.
Qxf3 exd5 22. exd5 Rae8 23. Qc3 Re5 24. f4 Ree8 25. Rad1 Rf7 26. Rd3 Rfe7 27.
Rde3 Kf7 28. Kg2 b6 29. Kf3 h5 30. Rxe7+ Rxe7 31. Rxe7+ Kxe7 32. Qe3+ Kf7 33.
Qe6+ Qxe6 34. dxe6+ Kxe6 35. Ke4 d5+ 36. cxd5+ Kd6 37. Kd4 a6 38. b4 Kc7 39. a4
Kd6 40. a5 b5 41. h3 h4 42. g4 1-0

[Event "KP MKSS 21/22, Opava-Senov"]
[Site ""]
[Date "2022.03.27"]
[Round "11.6"]
[White "Vasek, Vladimir"]
[Black "Pardy, Martin"]
[Result "0-1"]
[WhiteElo "1871"]
[BlackElo "1898"]
[PlyCount "0"]
[WhiteTeam "SK Senov A"]
[BlackTeam "Slezan Opava A"]
[EventDate "2021.10.10"]

1. e4 e5 2. Nf3 Nc6 3. Bb5 a6 4. Ba4 Nf6 5. O-O Be7 6. Re1 b5 7. Bb3 O-O 8. c3
d5 9. exd5 Nxd5 10. Nxe5 Nxe5 11. Rxe5 Nf6 12. h3 Bb7 13. d4 c5 14. dxc5 Nd7
15. Re1 Bxc5 16. Be3 Re8 17. Bxc5 Rxe1+ 18. Qxe1 Nxc5 19. Bc2 Qg5 20. Qf1 Re8
21. Na3 Re2 22. Rd1 Ne6 23. h4 Qe5 24. b3 g6 25. Bb1 Nf4 26. Nc2 Bxg2 27. Rd8+
Kg7 28. Qd1 Bd5 29. Qd4 Nh3+ 30. Kf1 Rxf2+ 31. Qxf2 Nxf2 32. Rxd5 Qxd5 33. Kxf2
Qd1 0-1

[Event "KP MKSS 21/22, Opava-Senov"]
[Site ""]
[Date "2022.03.27"]
[Round "11.7"]
[White "Janecek, Miroslav"]
[Black "Siwek, Antonin"]
[Result "1/2-1/2"]
[WhiteElo "1770"]
[BlackElo "1847"]
[PlyCount "0"]
[WhiteTeam "Slezan Opava A"]
[BlackTeam "SK Senov A"]
[EventDate "2021.10.10"]

1. e4 c5 2. Nc3 Nc6 3. f4 g6 4. Nf3 Bg7 5. Bb5 Nd4 6. O-O a6 7. Bc4 b5 8. Bd5
Rb8 9. a4 e6 10. Ba2 d6 11. axb5 axb5 12. d3 Ne7 13. Ne2 Nxe2+ 14. Qxe2 O-O 15.
g4 Bd7 16. f5 gxf5 17. gxf5 exf5 18. Ng5 h6 19. Nxf7 Rxf7 20. Bxf7+ Kxf7 21. c3
Qh8 22. Ra7 Ke8 23. Rf3 b4 24. exf5 bxc3 25. Rxd7 Bd4+ 26. Kf1 Kxd7 27. Qe6+
Kc6 28. bxc3 Bxc3 29. Qxe7 Re8 30. Qa7 Ra8 31. Qe7 Re8 32. Qa7 Ra8 33. Qe7 Re8
1/2-1/2

[Event "KP MKSS 21/22, Opava-Senov"]
[Site ""]
[Date "2022.03.27"]
[Round "11.8"]
[White "Tylecek, Drahomir"]
[Black "Havel, Kristian"]
[Result "1/2-1/2"]
[WhiteElo "1817"]
[BlackElo "1733"]
[PlyCount "0"]
[WhiteTeam "SK Senov A"]
[BlackTeam "Slezan Opava A"]
[EventDate "2021.10.10"]

1. e4 c5 2. Nf3 Nc6 3. d4 cxd4 4. Nxd4 Nf6 5. Nc3 e5 6. Ndb5 d6 7. Bg5 a6 8.
Na3 b5 9. Naxb5 axb5 10. Bxb5 Bd7 11. O-O Be7 12. Bxf6 gxf6 13. a4 O-O 14. Nd5
Kh8 15. b4 Rg8 16. Qd3 Nd4 17. Bxd7 Qxd7 18. Nb6 Qg4 19. g3 Nf3+ 20. Kg2 Nh4+
21. Kh1 Rab8 22. a5 Nf3 23. Nd5 Qh5 24. Kg2 Nh4+ 25. Kh1 1/2-1/2

[Event "KP MKSS 21/22, Havirov-BSS"]
[Site ""]
[Date "2022.03.27"]
[Round "11.1"]
[White "Reznicek, Marcel"]
[Black "Gnojek, Petr"]
[Result "1-0"]
[WhiteElo "1975"]
[BlackElo "2322"]
[PlyCount "0"]
[WhiteTeam "Banik Havirov B"]
[BlackTeam "BSS Frydek-Mistek D"]
[EventDate "2021.10.10"]

1. e4 d6 2. f4 Nf6 3. d3 g6 4. Nf3 Bg7 5. g3 c5 6. Bg2 Nc6 7. c3 O-O 8. O-O Rb8
9. Na3 b5 10. Nc2 e5 11. fxe5 dxe5 12. Qe2 Be6 13. Be3 c4 14. d4 Nxe4 15. Nxe5 Nxe5 16. dxe5 f5
17. exf6 Nxf6 18. Bxa7  1-0

[Event "KP MKSS 21/22, Havirov-BSS"]
[Site ""]
[Date "2022.03.27"]
[Round "11.2"]
[White "Rabatin, Jakub"]
[Black "Vizner, Jaroslav"]
[Result "1-0"]
[WhiteElo "2352"]
[BlackElo "1895"]
[PlyCount "0"]
[WhiteTeam "BSS Frydek-Mistek D"]
[BlackTeam "Banik Havirov B"]
[EventDate "2021.10.10"]

1. e4 e5 2. Nf3 Nf6 3. Nxe5 Nxe4 4. Qe2 Qe7 5. Qxe4 d6 6. d4 dxe5 7. dxe5 Nc6 8. Nc3 Qxe5
9. Qxe5+ Nxe5 10. Nb5 Bb4+ 11. c3 Ba5 12. Bf4 O-O 13. Bxe5 Bg4 14. Bf4 a6 15. Nd4 Rfe8+ 16. Be3 b5
17. Be2 c5 18. Nb3  1-0

[Event "KP MKSS 21/22, Havirov-BSS"]
[Site ""]
[Date "2022.03.27"]
[Round "11.3"]
[White "Podlesny, Petr"]
[Black "Nytra, Ondrej"]
[Result "0-1"]
[WhiteElo "1856"]
[BlackElo "2273"]
[PlyCount "0"]
[WhiteTeam "Banik Havirov B"]
[BlackTeam "BSS Frydek-Mistek D"]
[EventDate "2021.10.10"]

1. e4 e5 2. Nf3 Nc6 3. Bc4 Nf6 4. d3 Be7 5. O-O O-O 6. Nc3 d6 7. h3 Na5 8. Bb3 c6
9. Be3 Re8 10. d4 exd4 11. Nxd4 Bf8 12. f3 d5 13. Bg5 h6 14. Bxf6 Qxf6 15. Qd2 Nxb3 16. axb3 Bd6
17. Rad1 Bf4 18. Qf2 Bd7 19. Nde2 Bc7 20. Kh1 Re5 21. f4 Rh5 22. Qf3 g6 23. e5 Qh4 24. Rd3 Bf5
25. Rd2 Re8 26. Qg3 Bb6 27. Qxh4 Rxh4 28. Ng3 Be3 29. Nxf5 gxf5 30. Rd3 Rxf4 31. Rxf4 Bxf4 32. Rf3 Bxe5
33. Rxf5 Bxc3 34. bxc3 Re2 35. Rf3 Rxc2 36. b4 d4 37. cxd4 Rc4 38. b5 cxb5 39. Rd3 Kf8 40. Kg1 Ke7
41. Kf2 b4 42. h4 a5 43. g4 Rc3 44. Rd1 b3 45. Re1+ Kf6 46. Re5 a4  0-1

[Event "KP MKSS 21/22, Havirov-BSS"]
[Site ""]
[Date "2022.03.27"]
[Round "11.5"]
[White "Hurta, Jiri"]
[Black "Paseka, Matyas"]
[Result "1/2-1/2"]
[WhiteElo "1801"]
[BlackElo "2096"]
[PlyCount "0"]
[WhiteTeam "Banik Havirov B"]
[BlackTeam "BSS Frydek-Mistek D"]
[EventDate "2021.10.10"]

1. e4 c5 2. Nf3 d6 3. Bb5+ Nd7 4. O-O a6 5. Be2 Ngf6 6. Nc3 b5 7. d4 b4 8. e5 bxc3
9. exf6 Nxf6 10. bxc3 Qa5 11. dxc5 Qxc3 12. Be3 dxc5 13. Bd2 Qb2 14. Rb1 Qxa2 15. Ne5 Qd5 16. Bf3 Qxe5
17. Bxa8 e6 18. Re1 Qc7 19. Qf3 Bd6 20. Qc6+ Qxc6 21. Bxc6+ Ke7 22. Bb7 Kd7 23. Rb6  1/2-1/2